| 000 | 00643nam a2200205Ia 4500 | ||
|---|---|---|---|
| 003 | GCL | ||
| 008 | 140319s9999 xx 000 0 ara d | ||
| 040 |
_aGCL / _cGCL |
||
| 082 | 0 | 4 |
_a954 _bج س |
| 100 | 1 | _aجاكسون، بيتر | |
| 245 | 1 | 0 |
_aسلطنة دلهى تاريخ سياسى وعسكرى / _cجاكسون، بيتر |
| 700 | 1 | _aفاضل جتكر | |
| 260 |
_aالرياض : _bمكتبة العبيكان ، _c2003 |
||
| 300 |
_a620 ص ؛ _c24 سم |
||
| 650 | 0 | 4 | _aالهند |
| 650 | 0 | 4 | _aالهند - تاريخ |
| 650 | 0 | 4 | _aالهند - تاريخ - الثورات |
| 650 | 0 | 4 | _aدلهى - تاريخ |
| 942 |
_2ddc _cBK |
||
| 999 |
_c7156 _d7156 |
||